000 01062mc a2200313a 44500
001 NM030066
003 RG CODE MARC
008 75020s1991 ||||||||||||||000 | spa||
005 20251028183340.0
020 _a84-86077-90-7
040 _aORG CODE MARC
100 _aBravo, Carlos
_919981
245 _aGalilea año 30
_bpara leer el evangelio de Marcos
_cCarlos Bravo
260 _aCórdoba, España
_bEl Almendro
300 _a178 p.
_b21 cm.
490 _aEn torno al Nuevo Testamento
500 _aDonación de Pablo Vernola, 2025
505 _t1. Jesús, el Mesías, el Hijo de Dios
505 _t2. Jesús, responsable por la vida
505 _t3. Jesús y los Doce, responsables por la vida
505 _t4. Crisis y confirmación
505 _t5. Formación a los doce discípulos
505 _t6. El juicio de Jesús contra Jerusalén. Ultimos días de su vida
505 _t7. El juicio de Jerusalén contra Jesús
505 _t8. Inconclusión
653 _aEVANGELIO DE MARCOS
800 _aPelaez, Jesús
_940919
942 _cBK
999 _c29373
_d29373